Presidente William Jefferson "Bill" Clinton: SPClinton profile. Senator Robert "Bob" Dole: SPDole profile

Furkejuvvon:
Bibliográfalaš dieđut
Materiálatiipa: Texto
Almmustuhtton: Washington: National Archives and Records Administration
Fáddágilkorat: Lasit fáddágilkoriid
Eai fáddágilkorat, Lasit vuosttaš fáddágilkora!

MARC

LEADER 00000 a a2200000 04500
001 24049
003
040
090 |a 170700  
245 |a Presidente William Jefferson "Bill" Clinton: SPClinton profile. Senator Robert "Bob" Dole: SPDole profile  
260 |a Washington:   |b National Archives and Records Administration  
300 |a 2 p.  
999 |c 11467  |d 11467